The modern inorganic chemicals industry
Gespeichert in:
| 1. Verfasser: | |
|---|---|
| Format: | Buch |
| Sprache: | Englisch |
| Veröffentlicht: |
Londres
The Chemical Society
1977
|
| Schriftenreihe: | Special Publication, 31
|
| Schlagworte: | |
| Tags: |
Tag hinzufügen
Keine Tags, Fügen Sie den ersten Tag hinzu!
|
MARC
| LEADER | 00000nam a2200000 a 4500 | ||
|---|---|---|---|
| 001 | UCU4717 | ||
| 003 | CL-VaPUC | ||
| 005 | 20210527001341.0 | ||
| 008 | 960524e19770000uk 1 eng d | ||
| 082 | 0 | 4 | |a 661 |b THO |2 21 |
| 100 | 1 | |a Thompson, R |e author |9 617784 | |
| 245 | 1 | 4 | |a The modern inorganic chemicals industry |
| 260 | |a Londres |b The Chemical Society |c 1977 | ||
| 300 | |a 466 p | ||
| 490 | 0 | |a Special Publication, 31 | |
| 583 | |a last modification |c 19960524 00:00:00 |k Rodrigo Vera | ||
| 650 | 0 | 7 | |a INDUSTRIA QUIMICA |2 CL-VaPUC |9 617785 |
| 650 | 0 | 0 | |a Tecnología química |9 263002 |
| 650 | 0 | 7 | |a PRODUCTOS QUIMICOS INORGANICOS |2 CL-VaPUC |9 344421 |
| 650 | 0 | 0 | |a Química |9 259896 |
| 942 | |c BK | ||
| 945 | |a paguirre |d 19960524 00:00:00 | ||
| 546 | |a En Inglés | ||
| 536 | |a Inorganic Chemicals Group of the Industrial Division of The Chemical Society | ||
| 518 | |p Symposium: The Modern Inorganic Chemicals Industry, Londres, 31 de Marzo al 1 de Abril de 1977 | ||
| 999 | |c 382639 |d 382637 | ||
| 952 | |0 0 |1 0 |4 0 |6 661_000000000000000_THO_1977 |7 0 |8 A |9 504434 |a BIBING |b BIBING |d 2020-01-23 |i 166333K |o 661 THO 1977 |p 166333K |r 2025-01-20 |w 2020-01-23 |y BK |k EIQ | ||